A theory of monads : (Record no. 28339)
[ view plain ]
| 000 -LEADER | |
|---|---|
| fixed length control field | 00784nam a22002651 4500 |
| 001 - CONTROL NUMBER | |
| control field | 28339 |
| 003 - CONTROL NUMBER IDENTIFIER | |
| rucl marc code | BD-RjUL |
| 005 - DATE AND TIME OF LATEST TRANSACTION | |
| control field | 20211209051252.0 |
| 008 - FIXED-LENGTH DATA ELEMENTS--GENERAL INFORMATION | |
| fixed length control field | 140330s1922 enk 001 0 eng |
| 035 ## - SYSTEM CONTROL NUMBER | |
| System control number | (BD-RjUL)28420 |
| System control number | (OCoLC)352137 |
| 040 ## - CATALOGING SOURCE | |
| Original cataloging agency | DLC |
| Transcribing agency | OKentU |
| Modifying agency | BD-RjUL |
| Language of cataloging | eng |
| 041 ## - LANGUAGE CODE | |
| Language code of text/sound track or separate title | eng |
| 082 04 - DEWEY DECIMAL CLASSIFICATION NUMBER | |
| Edition number | 22 |
| Classification number | 149 |
| Author mark and year | CAT 1922 |
| 100 1# - MAIN ENTRY--PERSONAL NAME | |
| Personal name | Carr, Herbert Wildon |
| Dates associated with a name | 1857-1931. |
| 9 (RLIN) | 86778 |
| 245 12 - TITLE STATEMENT | |
| Title | A theory of monads : |
| Remainder of title | outlines of the philosophy of the principle of relativity / |
| Statement of responsibility, etc. | H. Wildon Carr. |
| 260 ## - PUBLICATION, DISTRIBUTION, ETC. (IMPRINT) | |
| Place of publication, distribution, etc. | London : |
| Name of publisher, distributor, etc. | Macmillan and Co., Limited, |
| Date of publication, distribution, etc. | 1922. |
| 300 ## - PHYSICAL DESCRIPTION | |
| Pagination | viii, 351 p. ; |
| Size | 23 cm. |
| 504 ## - BIBLIOGRAPHY, ETC. NOTE | |
| Bibliography, etc | Includes index. |
| 650 #0 - SUBJECT ADDED ENTRY--TOPICAL TERM | |
| Topical term or geographic name as entry element | Relativity. |
| 9 (RLIN) | 86789 |
| Topical term or geographic name as entry element | Monadology. |
| 9 (RLIN) | 45303 |
| 942 ## - ADDED ENTRY ELEMENTS (KOHA) | |
| Source of classification or shelving scheme | Dewey Decimal Classification |
| Koha item type | Books |
| Lost status | Source of classification or shelving scheme | Damaged status | Not for loan | Collection code | Permanent Location | Current Location | Shelving location | Date acquired | Source of acquisition | Cost, normal purchase price | Total Checkouts | Full call number | Date last seen | Copy number | Koha item type |
|---|---|---|---|---|---|---|---|---|---|---|---|---|---|---|---|
| Dewey Decimal Classification | Added to bundle | Non-fiction | Central Library, University of Rajshahi | Central Library, University of Rajshahi | Reading Room | 08/11/1956 | B. H. Bluckwell | 12.60 | 149 CAT 1922 | 30/03/2014 | C-1 | Books |